| 000 | 01204cam a2200325 a 4500 | ||
|---|---|---|---|
| 001 | 4739 | ||
| 003 | UkOxU | ||
| 005 | 20211208233939.0 | ||
| 008 | 131223r19601957enk 001 0 eng d | ||
| 020 | _a0415175348 | ||
| 035 | _a(BD-RjUL) | ||
| 040 |
_aBD-RjUL _beng _cBD-RjUL |
||
| 041 | _aeng | ||
| 082 |
_a307.14120961 _bBOS 1960 |
||
| 100 | 1 |
_aBonne, Alfred, _d1899-1959. _95635 |
|
| 245 | 1 | 0 |
_aStudies in economic development : _bwith special reference to conditions in the underdeveloped areas of western Asia and India / _cby Alfred Bonné. |
| 260 |
_aLondon : _bRoutledge, _c1998. |
||
| 300 |
_ax, 294 p. ; _c23 cm. |
||
| 490 | 1 |
_aThe international library of sociology ; _v032. _aEconomics and society ; _vX |
|
| 500 | _aOriginally published: London : Routledge & Kegan Paul, 1957. | ||
| 504 | _aIncludes bibliographical references and index. | ||
| 650 | 0 |
_aEconomic development. _914941 |
|
| 651 | 0 |
_aIndia _xEconomic conditions _y1947- _98436 |
|
| 651 | 0 |
_aMiddle East _xEconomic conditions _y1945- _914942 |
|
| 830 | 0 |
_v032. _914943 |
|
| 830 | 0 |
_v10 _914944 |
|
| 830 | 0 |
_aInternational library of sociology ; _914945 |
|
| 830 | 0 |
_aEconomics and society (Routledge) ; _914946 |
|
| 942 |
_2ddc _cBK |
||
| 999 |
_c4739 _d4739 |
||